000 02565cam a22004098i 4500
999 _c29266
_d29237
001 21297496
003 EG-ScBUE
005 20210727143652.0
008 191108t2020 nyuo f b 001 0 eng d
020 _a9781260469042
020 _z1260469042
040 _aDNLM/DLC
_beng
_erda
_cDNLM
_dEG-ScBUE
082 0 4 _a615.78
_bNES
_222
100 1 _aNestler, Eric J.
_q(Eric Jonathan),
_d1954-
_eauthor.
245 1 0 _aMolecular neuropharmacology :
_ba foundation for clinical neuroscience /
_cEric J. Nestler, nash family professor of neuroscience, director, Friedman Brain Institute, Dean for Academic and Scientific Affairs, Ichan School of Medicine at Mount Sinai, New York [and three others]
250 _aFourth edition.
264 1 _aNew York :
_bMcGraw Hill,
_c[2020]
264 4 _cc2020
300 _axvii, 583 pages :
_bphotographs ;
_c28 cm
336 _atext
_btxt
_2rdacontent
337 _aunmediated
_bn
_2rdamedia
338 _avolume
_bnc
_2rdacarrier
504 _aIncludes bibliographical references and index.
505 0 _aBasic Principles of Neuropharmacology -- Cellular Basis of Communication -- Synaptic Transmission -- Signal Transduction in the Brain -- Excitatory and Inhibitory Amino Acids -- Widely Projecting Systems : Monoamines, Acetylcholine, and Orexin -- Neuropeptides -- Atypical Neurotransmitters -- Autonomic Nervous System -- Neural and Neuroendocrine Control of the Internal Milieu -- Pain -- Neuroinflammation -- Sleep and Arousal -- Higher Cognitive Function and Behavioral Control -- Mood and Emotion -- Reinforcement and Addiction -- Schizophrenia and Bipolar Disorder -- Neurodegeneration -- Seizure Disorders -- Stroke and Migraine.
520 _a"The book's structure permits the incorporation of a great deal of clinical information, much of it representing the integration of modern molecular genetics and brain imaging with neuropharmacology"--
_cProvided by publisher.
650 7 _aCentral Nervous System Agents
_xpharmacology.
_2BUEsh
650 7 _aCentral Nervous System
_xdrug effects.
_2BUEsh
650 7 _aCentral Nervous System
_xphysiology.
_2BUEsh
650 7 _aCentral Nervous System Diseases
_xdrug therapy.
_2BUEsh
653 _bGGEN
_cJuly2021
655 _vReading book
_934232
776 0 8 _iOnline version:
_aNestler, Eric J. (Eric Jonathan), 1954-
_tMolecular neuropharmacology
_bFourth edition.
_dNew York : McGraw Hill, [2020]
_z9781260456912
_w(DLC) 2019051438
906 _a7
_bcbc
_corignew
_d1
_eecip
_f20
_gy-gencatlg
942 _2ddc
_cBB